El cambio tecnológico y las calificaciones de la fuerza de trabajo en Chile.

Bibliographic Details
Main Author: Barrera, Manuel
Other Authors: Selame, Teresita
Format: Libro
Language:English
Published: Santiago, Chile CES 1984
Series:Documento de trabajo 1
Subjects:

MARC

LEADER 00000cam a2200000 a 4500
001 027874
003 UAHC_CL
005 20170803122845.0
008 010822b xx j 000 1 eng
040 |a UAHC_CL  |c UAHC_CL  |d UAHC_CL 
082 0 4 |a CES 029-1391 
100 1 |a Barrera, Manuel 
245 1 3 |a El cambio tecnológico y las calificaciones de la fuerza de trabajo en Chile. 
260 |b CES  |c 1984  |a Santiago, Chile 
300 |a 55 p. 
490 0 |a Documento de trabajo  |v 1 
650 4 |a TECNOLOGIA  |z CHILE 
650 4 |a TRABAJO 
700 1 |a Selame, Teresita 
900 |a CES 029-1391 
942 |c BK 
952 |0 0  |1 0  |4 0  |6 CES_0291391  |7 0  |8 General  |9 55362  |a BC  |b BC  |c General  |d 2017-08-03  |l 0  |o CES 029-1391  |p 1313574  |r 2019-12-02 00:00:00  |t 1  |w 2017-08-03  |y BK 
952 |0 0  |1 0  |4 0  |6 CES_0291391  |7 0  |8 General  |9 55363  |a BC  |b BC  |c General  |d 2017-08-03  |l 0  |o CES 029-1391  |p 1329452  |r 2019-12-02 00:00:00  |t 2  |w 2017-08-03  |y BK 
952 |0 0  |1 0  |4 0  |6 CES_0291391  |7 0  |8 General  |9 55364  |a BC  |b BC  |c General  |d 2017-08-03  |l 0  |o CES 029-1391  |p 1329453  |r 2019-01-15 00:00:00  |t 3  |w 2017-08-03  |y BK 
999 |c 27874  |d 27874